00963nam a22002297a 45000010005000000030006000050050017000110080041000280200018000690400029000870500008001160820008001241000017001322450086001492600038002353000047002735050008003205200330003285210024006585210020006827000031007025791FISKH20250122150618.0250122b cb ||||| |||| 00| 0 eng d a9781338053401 aFISKHbengcFISKHdFISKH aPZ7 a590 aArnosky, Jim aSwamp tories :bAdventures in wetlands /cWritten and illustrated by Jim Arnosky  aNew York :bScholastic , c2014 . a93 pages :bcolor illustrations ;c23 cm . aZ  a"Award-winning naturalist Jim Arnosky and his wife, Deanna, are your guides in this fascinating and thrilling expedition to nine swamps, bogs, marshes and wet prairies. Feel the hair stand up on the back of your neck as you find yourself inches away from venomous snakes, or alone in a bog with an enormous bear."--Cover p.4.8 a1170 bLexile NC 8 aZ bRaz-Plus  aArnosky, Jimeillustrator